000
00258nam a2200097Ia 4500
001
952755
005
20250826215713.0
008
250824s9999 xx 000 0 und d
245
0
_a
FİL OZOFUN DOĞA GÜNLÜĞÜ
_c
FATİH DİKMEN
260
_b
TAZE KİTAP YAYINLARI
999
_c
952755
_d
952755